| 000 | 00774cam a22002653a 4500 | ||
|---|---|---|---|
| 001 | 1918 | ||
| 003 | PGUSA | ||
| 005 | 20140828083008.0 | ||
| 008 | 991001s1999||||xxu|||||s|||||000 1 eng d | ||
| 040 |
_aPGUSA _beng |
||
| 042 | _adc | ||
| 050 | 4 | _aPR | |
| 100 | 1 |
_aHaggard, H. Rider _q(Henry Rider), _d1856-1925 |
|
| 245 | 1 | 0 |
_aLong Odds _h[electronic resource] / _cH. Rider Haggard |
| 260 |
_bProject Gutenberg, _c1999 |
||
| 506 | _aPublic domain in the USA. | ||
| 516 | _aElectronic text | ||
| 653 | _aHunting guides -- Fiction | ||
| 653 | _aAdventure stories | ||
| 653 | _aQuatermain, Allan (Fictitious character) -- Fiction | ||
| 653 | _aAfrica -- Fiction | ||
| 830 | 0 |
_aProject Gutenberg _v1918 |
|
| 856 | 4 | 0 | _uhttp://www.gutenberg.org/ebooks/1918 |
| 942 | _cEB | ||
| 999 |
_c231260 _d231260 |
||